000 00299nam a2200145Ia 4500
100 _aBaird /Sean
942 _cBK
654 _aSQL
245 _aSQL Server Systems Administration
260 _bTechmedia
_c1999
082 _a5.72
_bBAI/DAR
300 _a328
546 _aENGLISH
999 _c21214
_d21214